Normal view
MARC view
- Weiss, N. A.
Entry Personal Name
001 - CONTROL NUMBER
- control field: 34641
003 - CONTROL NUMBER IDENTIFIER
- control field: OSt
005 - DATE AND TIME OF LATEST TRANSACTION
- control field: 20131215134303.0
008 - FIXED-LENGTH DATA ELEMENTS
- fixed length control field: 131215|| aca||aabn | a|a d
040 ## - CATALOGING SOURCE
- Original cataloging agency: OSt
- Transcribing agency: OSt
100 ## - HEADING--PERSONAL NAME
- Personal name: Weiss, N. A.
- Fuller form of name: (Neil A.)
670 ## - SOURCE DATA FOUND
- Source citation: Work cat.: (OSt)0: Weiss, N. A. (Neil A.), Introductory statistics /, c.2008.